000
00306nam a2200121Ia 4500
008
190802s9999 xx 000 0 und d
020
_a
978-81-265-1115-0
100
_a
Aswath Damodaran
245
0
_a
Corporate Finance Theory and Practice
260
_a
India
_b
Wiley
_c
2017
300
_a
982:p
942
_c
BK
999
_c
2097
_d
2097